| 000 | 00683nam a2200205 u 4500 | ||
|---|---|---|---|
| 005 | 20250806063854.0 | ||
| 008 | 140310s2005 r 000 0 eng d | ||
| 035 | _aUPN01000196243 | ||
| 049 | _aCG | ||
| 050 | 4 |
_aHN49 C6 _bP5.2 |
|
| 100 | 1 |
_aPimentel García, Martha Patricia, _d1959-2004 _936271 |
|
| 245 | 1 | 0 |
_aCitlalmina : _bprograma de desarrollo comunitario del currículum a los derechos / _cMartha Patricia Pimentel García. |
| 260 |
_aMéxico : _bUCIEP, _c2005. |
||
| 300 | _a235 p. | ||
| 440 | 0 |
_aDocumentos. _pProgramas y subprogramas |
|
| 650 | 0 |
_aComunidad _xDesarrollo _zMéxico _99281 |
|
| 650 | 4 |
_aProgramas educativos _95703 |
|
| 905 | _aLibro | ||
| 999 |
_c168344 _d168344 |
||